[Hodža, Ján Miloslav]

Zobrazenie: Podobizeň publicistu, osvetového pracovníka, evanjelického kňaza Jána Miloslava Hodžu (19.7.1856 Sučany - 7.5.1941 Modra).

Bibliographic Details
Format: Photo
Language:Slovak
PhysicalDescription:1 fotografia čiernobiela 10 x 6 cm
Published: [S.l. s.n. s.a.]
Subjects:

MARC

LEADER 00000nkmaa2200000 a 4500
001 vtls011885089
003 SK-MaSNL
005 20260301185954.0
007 kh bo
008 230802n xx | ||00 k|slo
035 |a urn:nbn:sk:snk-km00ej4h 
035 |a urn:nbn:sk:snk-km45wcr 
035 |a 0BDA6F5A-3D02-49AD-BBB9-62769ADBBBB4 
040 |a SNKLA  |b slo  |c SNKLA  |e AACR2 
041 0 |a slo 
044 |a xo  |c SK 
245 0 0 |a [Hodža, Ján Miloslav]  |h grafika 
260 |a [S.l.  |b s.n.  |c s.a.] 
300 |a 1 fotografia  |b čiernobiela  |c 10 x 6 cm 
520 2 |a Zobrazenie: Podobizeň publicistu, osvetového pracovníka, evanjelického kňaza Jána Miloslava Hodžu (19.7.1856 Sučany - 7.5.1941 Modra). 
600 1 7 |a Hodža, Ján Miloslav,  |d 1856-1941  |2 SNKMA  |9 184936 
655 7 |a portrétne fotografie  |2 SNKPH  |9 305796 
852 7 |a Slovenská národná knižnica  |b Literárny archív 
958 |a ZO 
958 |a BLA 
999 |c 865927  |d 867857 
952 |a SNKLA  |b SNKLA  |c SNKLA_DEP  |y NEVYP  |7 0  |p 17A1310282  |o snkSH 15/2  |i snkLA 21/1955  |0 0  |1 0  |4 0  |d 2019-09-04  |f 1  |l 0  |r 2026-02-24 05:26:23  |w 2026-02-24